000 00294nam a2200121Ia 4500
005 20251222143119.0
008 251222s9999||||xx |||||||||||||| ||spa||
082 _a658.575.2/G75
100 _aGoslin, Lewis
245 0 _aEl Sistema de DiseƱo de Productos
264 _bEl Ateneo
942 _cLIB
999 _c11459
_d11459